| 000 | 00375nam a2200145Ia 4500 | ||
|---|---|---|---|
| 008 | 230917s9999||||xx |||||||||||||| ||und|| | ||
| 040 |
_e120061 _aMAIN |
||
| 041 | _aEnglish | ||
| 082 | _a330.1 U1W | ||
| 100 | _aUnited Nations | ||
| 245 | 0 | _aWorld Economic situation and prospects 2007 | |
| 260 |
_aNew Delhi _bAcademic Foundation _c2007 |
||
| 300 | _a155 p. | ||
| 942 | _cBK | ||
| 999 |
_c147073 _d147073 |
||